精神醫療社會工作理論與實務:兼述心理衛生社會工作 (Record no. 1077)

MARC details
000 -記錄標示
fixed length control field 00356nam a2200121Ia 4500
008 - 定長欄資料代碼
fixed length control field 180201s9999||||xx |||||||||||||| ||und||
020 ## - 國際標準書號
價格與相關資訊 NT350
國際標準書號 978-986-6001-71-0
100 ## - 主要款目--主要著者
個人姓名 張如杏
245 #0 - 題名及著者敘述項
著者敍述 張如杏
正題名 精神醫療社會工作理論與實務:兼述心理衛生社會工作
250 ## - 版本項
版本敍述 初版
260 ## - 出版項
出版年 2016.01
出版地 台北市
300 ## - 稽核項
高廣尺寸 cm.
數量(面數, 冊數或其他) p.
942 ## - 附加款目元素 (KOHA)
分類法來源 中文圖書分類法
Koha 館藏類型 一般圖書
Holdings
撤銷狀態 遺失狀態 分類號來源 損壞狀態 不外借 永久館藏地 現在館藏地 採購日期 全部借出 完整索書號 條碼號 最後一次日期記錄 一般價格有效日期 Koha館藏類型 公開資訊
未註銷館藏 未遺失 中文圖書分類法 未損毀 可外借 怡仁綜合醫院圖書館 怡仁綜合醫院圖書館 2018-02-01   547.17 C02323 2018-02-01 2018-02-01 一般圖書 本書共分成四大部分,第一篇「精神醫療與心理衛生」,針對心理衛生的過去、現況、政策與福利架構、精神醫療相關法規,更廣泛地認識台灣精神醫療與心理衛生發展。第二篇「精神疾病與治療」,介紹精神疾病的病理學、診斷等,以最新的DSM-5概念說明疾病的定義。第三篇「社會工作實務理論與方法」,介紹精神醫療體系的社會工作實務狀況,以及精神醫療的處遇模式。第四篇「心理衛生方案與未來」介紹各類社區復健方案及評鑑、探討精神醫療社會工作與醫務社會工作的發展,以及介紹醫療院所的精神醫療模式、精神醫療社會工作的發展等等。希望本書可以協助初學者瞭解台灣心理衛生的過去和現狀,提供實務方法與技術給有興趣的學習者參考。
怡仁醫院| 地址:32643桃園市楊梅區楊新北路321巷30號 | 服務專線:03-4855566 | 電子郵件信箱:
Copyright © 1996 CHC Hospital